000 01037cab a2200205 4500
001 ##L131125
008 051003n2005 000 0 eng u
035 _a(Sirsi) u131125
041 0 _aeng
100 1 _aFadeeva, Galina
245 0 0 _aCost estimating for the Russian construction industry
260 _c2005
490 4 _aThe Cost Engineer
_v43(5) September 2005, 8-10(3)
520 _aProvides a brief description of cost estimating in the Russian construction industry. Explains the five methods of cost estimating in use, ie base and indices; base and extra expenses; present prices and tariffs; present prices, tariffs and indices; data bank of prices of erected or projected buildings. Outlines the three historic levels of cost estimating, and considers the new level established in 2001, based on State Unit Estimate Norms (SUEN) and Unit Price Norms (UPN).
590 _aIKA111005
651 4 _aRUSSIA
651 4 _aRUSSIA
690 _aBUILT ENVIRONMENT-QUANTITY SURVEYING-CONSTRUCTION COST ESTIMATING
942 _n0
999 _c75955
_d75955